| 000 | 00996cab a22001935a 4500 | ||
|---|---|---|---|
| 001 | L147712 | ||
| 008 | 090608s2009 xxkd f 000 0 eng d | ||
| 035 | _a(Sirsi) u147712 | ||
| 041 | 0 | _aeng | |
| 245 | 0 | 0 | _aSlippery slope of recession |
| 260 | _c2009 | ||
| 490 |
_aCIBSE Journal _vMay 2009, 32-38(6) |
||
| 520 | _aGives details of the latest annual Hays/CIBSE Journal jobs survey for the building services sector. The last year has seen a total turnaround in recruitment activity for this sector with jobs being fewer but more in demand. Some sectors have fared less badly including senior professionals in the private sector and the public has seen steady growth and opportunities in the public sector. With tables and graphs giving a breakdown of salaries for professionals in various areas of the UK. | ||
| 590 | _aKA | ||
| 650 | 2 | 4 | _aHAYS BUILDING SERVICES SALARY GUIDE |
| 651 | 4 |
_aUnited Kingdom _y |
|
| 690 | _aMANAGEMENT-BUSINESS MANAGEMENT-HUMAN RESOURCE MANAGEMENT | ||
| 942 | _n0 | ||
| 999 |
_c81617 _d81617 |
||